Statistics for Random Objects by Wikipedia Definition #3

Click here to take the quiz!

General Stats

  • This quiz has been taken 59 times
  • The average score is 10 of 15

Answer Stats

DefinitionObject% Correct
An appliance or room used to store food at temperatures below 0° Celsius (32° Fahrenheit)Freezer
92%
A beast with a single large, pointed, spiraling horn projecting from its foreheadUnicorn
92%
A brass instrument commonly used in classical and jazz ensemblesTrumpet
88%
An anthropomorphic snow sculptureSnowman
84%
A class of low explosive pyrotechnic devices used for aesthetic and entertainment purposesFireworks
82%
A collection of supplies and equipment that is used to give medical treatmentFirst aid kit
70%
A padded box or pool filled with small colorful hollow plastic ballsBall pit
68%
A sports implement consisting of a handled frame with an open hoop across which a network of strings is stretched tightlyRacket
62%
A transistorized portable music player featuring a cassette tape player/recorder and AM/FM radioBoombox
60%
A sling suspended between two or more pointsHammock
60%
A device for jumping off the ground in a standing position through the aid of a springPogo stick
54%
A machine used in the shaping of round ceramic warePottery wheel
50%
A cabin where voters are able to cast their vote in privateVoting booth
50%
A container for storing baked goods to keep them freshBread bin
44%
A relatively lightweight synthesizer that is supported by a strap around the neck and shouldersKeytar
16%

Score Distribution

Percentile by Number Answered

Percent of People with Each Score

Your Score History

You have not taken this quiz